Assessing pavement maintenance needs.

Bibliographic Details
Format: Book
Language:English
Published: Washington, D.C. : Transportation Research Board, National Research Council, 1987.
Series:Transportation research record ; no. 1109.
Subjects:

MARC

Tag First Indicator Second Indicator Subfields
LEADER 00000cam a2200000 a 4500
001 in00000009343
005 20151007051527.0
008 870728s1987 dcua b f00000 eng
010 |a  87022863  
020 |a 0309044596 
035 |a (OCoLC)16579863 
035 |9 AAA3427AM 
040 |a DLC  |c DLC  |d TXA  |d UtOrBLW 
049 |a TXAM  |c [A11029705] 
050 0 0 |a TE7  |b .H5 no. 1109  |a TE278 
082 0 |a 380.5 s  |a 625.8/4  |2 19 
245 0 0 |a Assessing pavement maintenance needs. 
264 1 |a Washington, D.C. :  |b Transportation Research Board, National Research Council,  |c 1987. 
300 |a 78 pages :  |b illustrations ;  |c 28 cm. 
336 |a text  |b txt  |2 rdacontent 
337 |a unmediated  |b n  |2 rdamedia 
338 |a volume  |b nc  |2 rdacarrier 
490 1 |a Transportation research record ;  |v no. 1109 
504 |a Includes bibliographies. 
650 0 |a Pavements, Concrete  |x Maintenance and repair  |x Congresses. 
830 0 |a Transportation research record ;  |v no. 1109. 
999 |a MARS 
999 f f |s 37117245-559d-3e09-ab47-51c3a2e5c4c5  |i 4aab16f8-ad04-37bb-97c3-e681f7f7dcb3  |t 0 
952 f f |p default  |a Texas A&M University  |b College Station  |c Sterling C. Evans Library  |d Evans: Microforms (3rd floor)  |t 0  |e fiche S 745 no.1109  |h Other scheme  |i unmediated -- volume 
952 f f |p ric  |a Texas A&M University  |b Rellis Campus  |c Joint Library Facility  |d Remote Storage  |t 0  |e TE7 .H5 no.1109  |h Library of Congress classification  |i unmediated -- volume  |m A14811029705 
998 f f |a fiche S 745 no.1109  |t 0  |l Evans: Microforms (3rd floor) 
998 f f |a TE7 .H5 no.1109  |t 0  |l Remote Storage